Hacia una reflexión histórica y prospectiva sobre la agricultura campesina en la Zona Norte /
Kaydedildi:
| Yazar: | |
|---|---|
| Materyal Türü: | Metin |
| Baskı/Yayın Bilgisi: |
San José, C.R:
Lara Segura y Asociados
|
| Etiketler: |
Etiketle
Etiket eklenmemiş, İlk siz ekleyin!
|
MARC
| LEADER | 00000 a a2200000 04500 | ||
|---|---|---|---|
| 001 | 46481 | ||
| 003 | |||
| 040 | |||
| 090 | |a 07.01.01 S192t | ||
| 100 | |a Samper Kutschbach, Mario | ||
| 245 | |a Hacia una reflexión histórica y prospectiva sobre la agricultura campesina en la Zona Norte / |c Mario Samper Kutschbach | ||
| 260 | |a San José, C.R: |b Lara Segura y Asociados | ||
| 773 | |g páginas 185-202 | ||
| 999 | |c 25165 |d 25165 | ||
